000 01358cam a2200265 4500
001 ABS63723
008 000000n2001 000 0 eng u
035 _a(Sirsi) u111733
100 _aSmith, R.
245 _aDon't let shop lets get you down
260 _c2001
490 _aEstates Gazette
_v(0112) 24 March 2001, 156-157(2)
520 _aProvides advice for surveyors on the cost and risk factors involved with residential lettings for flats located above commercial premises. Looks at the issues both landlords and tenants should consider when setting the rent for flats let above shops. Recent increases in residential values mean that in some locations the rental value of the flat could be the same, or more than, the rental value of the retail part. Considers what additional rent a commercial tenant should pay for the benefit, or in some cases liability, of the flat above their shop. Discusses how the various costs can be quantified or translated into rental, and illustrates points made through two case studies.
590 _aABS
650 _aFLATS ABOVE SHOPS
650 _aCOSTS
650 _aLEASES
650 _aRENTS
650 _aSHORT-TERM TENANCIES
650 _aRETAIL PROPERTIES
650 _aREPAIRS AND MAINTENANCE
650 _aFIXTURES AND FITTINGS
690 _aLandlord and tenant
_96252
942 _n0
999 _c66567
_d66567